[Event "Gatwick e2e4 op U1950"]
[Site "Crawley"]
[Date "2013.11.02"]
[Round "3"]
[White "Patel, Roshal"]
[Black "Osiyemi, Lara"]
[Result "1-0"]
[WhiteElo "1880"]
[BlackElo "1762"]
[PlyCount "75"]
[EventDate "2013.11.01"]
[EventType "swiss"]
[EventRounds "5"]
[EventCountry "ENG"]
[SourceTitle "EXT 2015"]
[Source "ChessBase"]
[SourceDate "2014.11.20"]
[SourceVersion "1"]
[SourceVersionDate "2014.11.20"]
[SourceQuality "1"]

1. e4 c5 2. Nf3 d6 3. Nc3 g6 4. g3 Bg7 5. Bg2 Nc6 6. 0-0 e6 7. d3 Rb8 8. Rb1 b5 9. Be3 Nd4 10. Qd2 Nxf3+ 11. Bxf3 h5 12. h4 b4 13. Ne2 Nh6 14. c3 a5 15. d4 c4 16. Rfc1 Ba6 17. b3 d5 18. exd5 exd5 19. Nf4 Bb7 20. cxb4 a4 21. bxc4 dxc4 22. Bxb7 Rxb7 23. Rxc4 Nf5 24. d5 0-0 25. Bc5 Re8 26. Re1 Be5 27. Rce4 Nxh4 28. gxh4 Qxh4 29. Rxe5 Qg4+ 30. Ng2 Rxe5 31. Rxe5 h4 32. Re8+ Kg7 33. Qd4+ Qxd4 34. Bxd4+ f6 35. Bc5 g5 36. Re7+ Rxe7 37. Bxe7 Kf7 38. d6 1-0